Vikings de fiction - Statistiques

Statistiques générales
  • Ce quiz a été pris 11 fois
  • Le résultat moyen est 5 sur 14
Statistiques - réponses
Viking de fiction Univers % Correct
Ragnar Lothbrok Vikings
100%
Harold Horrib' Haddock III Dragons
73%
Thorgal Thorgal
55%
Eivor Varinsdottir Assassin's Creed Valhalla
45%
Vic le Viking Vic le Viking
45%
Thorfinn Thorsson Vinland Saga
45%
Olaf Grossebaf Astérix
36%
Ragnar le Fearless Les histoires saxonnes
27%
Hagar Dunor Hagar Dunor
18%
Ashildr/Me Doctor Who
9%
Harald le Viking Harald le Viking
9%
Hersir For Honor
0%
Ottar La Machine à voyager dans le temps Techincolor
0%
Orm Norsemen
0%
Aucun quiz correspondant
Distribution des résultats
% des personnes avec chaque résultat
Percentile par nombre de réponses
Votre historique - résultats
Vous n’avez pas pris ce quiz